[Event "RUS-ch Blitz Women 2018"]
[Site "Sochi"]
[Date "2018.10.07"]
[Round "16"]
[White "Potapova, Margarita"]
[Black "Sukhareva, Evgeniya"]
[Result "1-0"]
[WhiteElo "2284"]
[BlackElo "2125"]
[Annotator "NA"]
[PlyCount "106"]
[EventDate "2018.10.07"]
[EventType "swiss"]
[EventCountry "RUS"]
[SourceTitle "playchess.com"]
[Source "ChessBase"]
[SourceQuality "1"]
[TimeControl "180+2"]

1. d4 {[%emt 0:00:00]} Nf6 {[%emt 0:00:00]} 2. c4 {[%emt 0:00:00]} e6 {[%emt 0:00:00]} 3. Nf3 c5 4. d5 {[%emt 0:00:05]} exd5 {[%emt 0:00:01]} 5. cxd5 {[%emt 0:00:01]} d6 {[%emt 0:00:00]} 6. Nc3 {[%emt 0:00:01]} a6 {[%emt 0:00:00]} 7. a4 {[%emt 0:00:01]} g6 8. g3 Bg7 {[%emt 0:00:02]} 9. Bg2 {[%emt 0:00:01]} O-O {[%emt 0:00:01]} 10. O-O {[%emt 0:00:01]} Re8 {[%emt 0:00:14]} 11. Nd2 {[%emt 0:00:01]} Nbd7 {[%emt 0:00:03]} 12. h3 {[%emt 0:00:03]} Qe7 {[%emt 0:00:01]} 13. Nc4 {[%emt 0:00:08]} Rb8 {[%emt 0:00:01]} 14. a5 {[%emt 0:00:03]} b5 {[%emt 0:00:01]} 15. axb6 {[%emt 0:00:01]} Nxb6 {[%emt 0:00:01]} 16. Na5 {[%emt 0:00:02]} Bd7 {[%emt 0:00:02]} 17. Nc6 {[%emt 0:00:11]} Bxc6 {[%emt 0:00:14]} 18. dxc6 {[%emt 0:00:01]} d5 {[%emt 0:00:01]} 19. Rxa6 {[%emt 0:00:05]} d4 {[%emt 0:01:06]} 20. Nb5 {[%emt 0:00:06]} Nfd5 {[%emt 0:00:03]} 21. Ra7 {[%emt 0:00:18]} Qe6 {[%emt 0:00:18]} 22. Bf4 {[%emt 0:00:21]} Be5 {[%emt 0:00:09]} 23. Bxe5 {[%emt 0:00:02]} Qxe5 {[%emt 0:00:01]} 24. h4 {[%emt 0:00:16]} Rbc8 {[%emt 0:00:06]} 25. Bh3 {[%emt 0:00:05]} f5 {[%emt 0:00:06]} 26. Qc1 {[%emt 0:00:28]} Rxc6 {[%emt 0:00:14]} 27. Bg2 {[%emt 0:00:06]} Rcc8 {[%emt 0:00:20]} 28. h5 {[%emt 0:00:11]} f4 {[%emt 0:00:18]} 29. hxg6 {[%emt 0:00:08]} hxg6 {[%emt 0:00:00]} 30. Qb1 {[%emt 0:00:05]} Qf6 {[%emt 0:00:22]} 31. Bh3 {[%emt 0:00:04]} Rcd8 {[%emt 0:00:03]} 32. Qd3 {[%emt 0:00:27]} Qg5 {[%emt 0:00:04]} 33. Bg2 {[%emt 0:00:02]} Re7 34. Ra6 {[%emt 0:00:07]} fxg3 {[%emt 0:00:06]} 35. Qxg3 {[%emt 0:00:11]} Qxg3 {[%emt 0:00:03]} 36. fxg3 {[%emt 0:00:00]} Kg7 {[%emt 0:00:02]} 37. Bf3 {[%emt 0:00:05]} Re3 {[%emt 0:00:04]} 38. Rc1 {[%emt 0:00:05]} Rb3 {[%emt 0:00:01]} 39. Rxc5 {[%emt 0:00:03]} Rxb2 {[%emt 0:00:02]} 40. Nxd4 {[%emt 0:00:03]} Rb1+ {[%emt 0:00:02]} 41. Kf2 {[%emt 0:00:02]} Rb2 {[%emt 0:00:01]} 42. Ra7+ {[%emt 0:00:02]} Kh6 {[%emt 0:00:03]} 43. Ne6 {[%emt 0:00:05]} Rd6 {[%emt 0:00:02]} 44. Nf8 {[%emt 0:00:03]} Rf6 {[%emt 0:00:06]} 45. Rh7+ {[%emt 0:00:05]} Kg5 {[%emt 0:00:01]} 46. Nd7 {[%emt 0:00:05]} Rf5 {[%emt 0:00:02]} 47. g4 {[%emt 0:00:05]} Nxd7 {[%emt 0:00:02]} 48. Rxd7 {[%emt 0:00:03]} Rxf3+ {[%emt 0:00:02]} 49. Kxf3 {[%emt 0:00:02]} Rb3+ {[%emt 0:00:01]} 50. Kf2 {[%emt 0:00:01]} Kxg4 {[%emt 0:00:01]} 51. Rdxd5 {[%emt 0:00:01]} Rb2 {[%emt 0:00:03]} 52. Rg5+ {[%emt 0:00:02]} Kf4 {[%emt 0:00:02]} 53. Rxg6 {[%emt 0:00:01]} Ke4 1-0

[Event "RUS-ch Blitz Women 2018"]
[Site "Sochi"]
[Date "2018.10.07"]
[Round "16"]
[White "Maletina, Tatiana"]
[Black "Belenkaya, Dina"]
[Result "1-0"]
[WhiteElo "2270"]
[BlackElo "2329"]
[Annotator "NA"]
[PlyCount "133"]
[EventDate "2018.10.07"]
[EventType "swiss"]
[EventCountry "RUS"]
[SourceTitle "playchess.com"]
[Source "ChessBase"]
[SourceQuality "1"]
[TimeControl "180+2"]

1. d4 {[%emt 0:00:00]} d5 {[%emt 0:00:00]} 2. c4 {[%emt 0:00:01]} dxc4 {[%emt 0:00:00]} 3. e4 {[%emt 0:00:01]} Nf6 {[%emt 0:00:02]} 4. e5 {[%emt 0:00:02]} Nd5 {[%emt 0:00:01]} 5. Bxc4 {[%emt 0:00:01]} Bf5 {[%emt 0:00:08]} 6. Ne2 {[%emt 0:00:24]} e6 {[%emt 0:00:01]} 7. O-O {[%emt 0:00:07]} Nb6 {[%emt 0:00:04]} 8. Bd3 {[%emt 0:00:13]} Bxd3 {[%emt 0:00:03]} 9. Qxd3 {[%emt 0:00:01]} Nc6 {[%emt 0:00:01]} 10. Rd1 {[%emt 0:00:05]} Be7 {[%emt 0:00:03]} 11. Nbc3 {[%emt 0:00:01]} Qd7 {[%emt 0:00:03]} 12. Be3 {[%emt 0:00:11]} O-O-O {[%emt 0:00:03]} 13. Qb5 {[%emt 0:00:23]} Nb4 {[%emt 0:00:35]} 14. Qxd7+ {[%emt 0:00:17]} Rxd7 {[%emt 0:00:02]} 15. Rac1 {[%emt 0:00:02]} N4d5 {[%emt 0:00:05]} 16. Ne4 {[%emt 0:00:13]} c6 {[%emt 0:00:05]} 17. b3 {[%emt 0:00:05]} Nxe3 {[%emt 0:00:20]} 18. fxe3 {[%emt 0:00:01]} Nd5 {[%emt 0:00:03]} 19. Kf2 {[%emt 0:00:07]} Kc7 {[%emt 0:00:02]} 20. N2c3 {[%emt 0:00:05]} Ba3 {[%emt 0:00:11]} 21. Nb5+ {[%emt 0:00:04]} Kb8 {[%emt 0:00:07]} 22. Nxa3 {[%emt 0:00:02]} Rf8 {[%emt 0:00:05]} 23. Nc4 {[%emt 0:00:03]} Kc7 {[%emt 0:00:05]} 24. Ke2 {[%emt 0:00:04]} h6 {[%emt 0:00:04]} 25. a3 {[%emt 0:00:03]} b6 {[%emt 0:00:03]} 26. b4 {[%emt 0:00:02]} Kb8 {[%emt 0:00:07]} 27. Nb2 {[%emt 0:00:05]} f5 {[%emt 0:00:03]} 28. exf6 {[%emt 0:00:01]} gxf6 {[%emt 0:00:01]} 29. Rxc6 {[%emt 0:00:03]} f5 {[%emt 0:00:00]} 30. Nf2 {[%emt 0:00:14]} Rg8 {[%emt 0:00:02]} 31. g3 {[%emt 0:00:05]} h5 {[%emt 0:00:02]} 32. Nbd3 {[%emt 0:00:18]} h4 {[%emt 0:00:01]} 33. gxh4 {[%emt 0:00:05]} Rh8 {[%emt 0:00:03]} 34. Ne5 {[%emt 0:00:05]} Rg7 {[%emt 0:00:02]} 35. Rdc1 {[%emt 0:00:11]} Rxh4 {[%emt 0:00:03]} 36. Rxe6 {[%emt 0:00:09]} Rxh2 {[%emt 0:00:02]} 37. Nf3 {[%emt 0:00:05]} Rhg2 {[%emt 0:00:04]} 38. Re5 {[%emt 0:00:04]} Nf6 {[%emt 0:00:02]} 39. Nh4 {[%emt 0:00:08]} Rh2 {[%emt 0:00:04]} 40. Nxf5 {[%emt 0:00:01]} Rgg2 {[%emt 0:00:02]} 41. Rf1 {[%emt 0:00:06]} Ng4 {[%emt 0:00:03]} 42. Re8+ {[%emt 0:00:02]} Kc7 {[%emt 0:00:01]} 43. Re7+ {[%emt 0:00:01]} Kd8 {[%emt 0:00:01]} 44. Rxa7 {[%emt 0:00:02]} Nxf2 {[%emt 0:00:02]} 45. Kf3 {[%emt 0:00:04]} Nd3 {[%emt 0:00:05]} 46. Ke4 {[%emt 0:00:02]} Nf2+ {[%emt 0:00:04]} 47. Kd5 {[%emt 0:00:01]} Rh5 {[%emt 0:00:03]} 48. e4 {[%emt 0:00:00]} Ng4 {[%emt 0:00:08]} 49. e5 {[%emt 0:00:03]} Re2 {[%emt 0:00:08]} 50. Nd6 {[%emt 0:00:02]} Ne3+ {[%emt 0:00:03]} 51. Kc6 {[%emt 0:00:03]} Rc2+ {[%emt 0:00:02]} 52. Kxb6 {[%emt 0:00:01]} Nd5+ {[%emt 0:00:01]} 53. Ka5 {[%emt 0:00:02]} Nc7 {[%emt 0:00:04]} 54. b5 {[%emt 0:00:03]} Rc3 {[%emt 0:00:03]} 55. a4 {[%emt 0:00:01]} Rh7 {[%emt 0:00:02]} 56. Rf8+ {[%emt 0:00:02]} Kd7 {[%emt 0:00:01]} 57. Rf7+ {[%emt 0:00:01]} Rxf7 {[%emt 0:00:01]} 58. Nxf7 {[%emt 0:00:01]} Ke6 {[%emt 0:00:00]} 59. Nd8+ {[%emt 0:00:02]} Kd7 {[%emt 0:00:01]} 60. Nc6 {[%emt 0:00:02]} Ke6 {[%emt 0:00:02]} 61. Rxc7 {[%emt 0:00:02]} Kd5 {[%emt 0:00:02]} 62. Rd7+ {[%emt 0:00:01]} Ke6 {[%emt 0:00:01]} 63. Rd6+ {[%emt 0:00:01]} Kf7 {[%emt 0:00:01]} 64. e6+ {[%emt 0:00:01]} Kf6 {[%emt 0:00:01]} 65. e7+ {[%emt 0:00:01]} Kf7 {[%emt 0:00:01]} 66. Rd8 {[%emt 0:00:00]} Kg7 {[%emt 0:00:02]} 67. e8=Q {[%emt 0:00:01]} 1-0

[Event "RUS-ch Blitz Women 2018"]
[Site "Sochi"]
[Date "2018.10.07"]
[Round "16"]
[White "Nebolsina, Vera"]
[Black "Maltsevskaya, Aleksandra"]
[Result "0-1"]
[WhiteElo "2220"]
[BlackElo "2290"]
[Annotator "NA"]
[PlyCount "94"]
[EventDate "2018.10.07"]
[EventType "swiss"]
[EventCountry "RUS"]
[SourceTitle "playchess.com"]
[Source "ChessBase"]
[SourceQuality "1"]
[TimeControl "180+2"]

1. e4 {[%emt 0:00:01]} c5 {[%emt 0:00:00]} 2. Nc3 {[%emt 0:00:02]} Nc6 {[%emt 0:00:02]} 3. Bb5 {[%emt 0:00:02]} Nd4 {[%emt 0:00:05]} 4. Nf3 {[%emt 0:00:04]} g6 {[%emt 0:00:08]} 5. Bc4 {[%emt 0:00:03]} Bg7 {[%emt 0:00:03]} 6. Nxd4 {[%emt 0:00:04]} cxd4 {[%emt 0:00:01]} 7. Qf3 {[%emt 0:00:03]} e6 {[%emt 0:00:04]} 8. Nb5 {[%emt 0:00:03]} d6 {[%emt 0:00:10]} 9. Qa3 {[%emt 0:00:02]} Bf8 {[%emt 0:00:22]} 10. Nxd4 {[%emt 0:00:26]} Nf6 {[%emt 0:00:10]} 11. Bb5+ {[%emt 0:00:19]} Bd7 {[%emt 0:00:03]} 12. Bxd7+ {[%emt 0:00:02]} Qxd7 {[%emt 0:00:01]} 13. Qf3 {[%emt 0:00:09]} Bg7 {[%emt 0:00:02]} 14. O-O {[%emt 0:00:11]} O-O {[%emt 0:00:03]} 15. Ne2 {[%emt 0:00:04]} Qc6 {[%emt 0:00:02]} 16. Nc3 {[%emt 0:00:02]} b5 {[%emt 0:00:09]} 17. a3 {[%emt 0:00:05]} a5 {[%emt 0:00:05]} 18. e5 {[%emt 0:00:21]} Qxf3 {[%emt 0:00:07]} 19. gxf3 {[%emt 0:00:01]} dxe5 {[%emt 0:00:01]} 20. Nxb5 {[%emt 0:00:01]} Rac8 {[%emt 0:00:10]} 21. c3 {[%emt 0:00:20]} Nd5 {[%emt 0:00:10]} 22. b4 {[%emt 0:00:08]} axb4 {[%emt 0:00:08]} 23. axb4 {[%emt 0:00:02]} f5 {[%emt 0:00:02]} 24. Re1 {[%emt 0:00:09]} e4 {[%emt 0:00:05]} 25. fxe4 {[%emt 0:00:04]} Nxb4 {[%emt 0:00:02]} 26. Ra7 {[%emt 0:00:09]} Nd3 {[%emt 0:00:01]} 27. Rf1 {[%emt 0:00:02]} fxe4 {[%emt 0:00:08]} 28. Nd6 {[%emt 0:00:01]} Rc5 {[%emt 0:00:09]} 29. Nxe4 {[%emt 0:00:03]} Re5 {[%emt 0:00:00]} 30. Ng3 {[%emt 0:00:04]} h5 {[%emt 0:00:03]} 31. Ba3 {[%emt 0:00:08]} Rd8 {[%emt 0:00:02]} 32. Be7 {[%emt 0:00:06]} Re8 {[%emt 0:00:03]} 33. h4 {[%emt 0:00:02]} Rb5 {[%emt 0:00:19]} 34. Bg5 {[%emt 0:00:05]} Ne5 {[%emt 0:00:03]} 35. f4 {[%emt 0:00:02]} Nc4 {[%emt 0:00:05]} 36. d4 {[%emt 0:00:06]} Rb3 {[%emt 0:00:04]} 37. Ne4 {[%emt 0:00:15]} Ne3 {[%emt 0:00:12]} 38. Rf3 {[%emt 0:00:07]} Nd5 {[%emt 0:00:02]} 39. Kg2 {[%emt 0:00:04]} Rb2+ {[%emt 0:00:03]} 40. Kg3 {[%emt 0:00:02]} Rc2 {[%emt 0:00:05]} 41. Ra6 {[%emt 0:00:05]} Rb8 {[%emt 0:00:10]} 42. Rxe6 {[%emt 0:00:06]} Rbb2 {[%emt 0:00:01]} 43. Rf2 {[%emt 0:00:01]} Rxf2 {[%emt 0:00:08]} 44. Nxf2 {[%emt 0:00:02]} Nxc3 {[%emt 0:00:01]} 45. Rd6 {[%emt 0:00:06]} Ne2+ {[%emt 0:00:02]} 46. Kf3 {[%emt 0:00:04]} Nxd4+ {[%emt 0:00:01]} 47. Kg3 {[%emt 0:00:03]} Nf5+ {[%emt 0:00:01]} 0-1

[Event "RUS-ch Blitz Women 2018"]
[Site "Sochi"]
[Date "2018.10.07"]
[Round "16"]
[White "Goltseva, Ekaterina"]
[Black "Vasilevich, Irina"]
[Result "1-0"]
[WhiteElo "2169"]
[BlackElo "2258"]
[Annotator "NA"]
[PlyCount "91"]
[EventDate "2018.10.07"]
[EventType "swiss"]
[EventCountry "RUS"]
[SourceTitle "playchess.com"]
[Source "ChessBase"]
[SourceQuality "1"]
[TimeControl "180+2"]

1. d4 {[%emt 0:00:00]} e6 {[%emt 0:00:00]} 2. c4 {[%emt 0:00:00]} Bb4+ {[%emt 0:00:00]} 3. Nd2 {[%emt 0:00:03]} f5 {[%emt 0:00:02]} 4. g3 {[%emt 0:00:10]} Nf6 {[%emt 0:00:01]} 5. Bg2 {[%emt 0:00:01]} O-O {[%emt 0:00:02]} 6. Ngf3 {[%emt 0:00:02]} a5 {[%emt 0:00:16]} 7. O-O {[%emt 0:00:04]} Be7 {[%emt 0:00:07]} 8. Qc2 {[%emt 0:00:13]} Nc6 {[%emt 0:00:13]} 9. b3 {[%emt 0:00:30]} d6 {[%emt 0:00:17]} 10. Bb2 {[%emt 0:00:02]} a4 {[%emt 0:00:13]} 11. e4 {[%emt 0:00:33]} fxe4 {[%emt 0:00:24]} 12. Nxe4 {[%emt 0:00:02]} Nxe4 {[%emt 0:00:02]} 13. Qxe4 {[%emt 0:00:02]} Bf6 {[%emt 0:00:01]} 14. Qe2 {[%emt 0:00:15]} Qe8 {[%emt 0:00:51]} 15. Rfe1 {[%emt 0:00:14]} Bd7 {[%emt 0:00:16]} 16. Qd2 {[%emt 0:00:15]} Qf7 {[%emt 0:00:20]} 17. b4 {[%emt 0:00:11]} a3 {[%emt 0:00:05]} 18. Bc3 {[%emt 0:00:01]} Ne7 {[%emt 0:00:07]} 19. Rad1 {[%emt 0:00:10]} Bc6 {[%emt 0:00:02]} 20. Qe2 {[%emt 0:00:15]} Bd7 {[%emt 0:00:09]} 21. Nd2 {[%emt 0:00:04]} Rae8 {[%emt 0:00:02]} 22. Ne4 {[%emt 0:00:08]} Bc6 {[%emt 0:00:02]} 23. b5 {[%emt 0:00:12]} Bxe4 {[%emt 0:00:03]} 24. Bxe4 {[%emt 0:00:02]} d5 {[%emt 0:00:03]} 25. Bd3 {[%emt 0:00:06]} dxc4 {[%emt 0:00:03]} 26. Bxc4 {[%emt 0:00:01]} Nd5 {[%emt 0:00:00]} 27. Ba1 {[%emt 0:00:11]} c6 {[%emt 0:00:01]} 28. f4 {[%emt 0:00:03]} Qc7 {[%emt 0:00:04]} 29. Rc1 {[%emt 0:00:02]} Qb6 {[%emt 0:00:01]} 30. Qd3 {[%emt 0:00:04]} cxb5 {[%emt 0:00:02]} 31. Bxb5 {[%emt 0:00:01]} Rc8 {[%emt 0:00:02]} 32. Bd7 {[%emt 0:00:03]} Rxc1 {[%emt 0:00:03]} 33. Rxc1 {[%emt 0:00:01]} Rd8 {[%emt 0:00:02]} 34. Bb5 {[%emt 0:00:02]} Ne7 {[%emt 0:00:03]} 35. Rd1 {[%emt 0:00:04]} Nf5 {[%emt 0:00:01]} 36. Bc4 {[%emt 0:00:01]} Bxd4+ {[%emt 0:00:03]} 37. Bxd4 {[%emt 0:00:02]} Nxd4 {[%emt 0:00:01]} 38. Kf1 {[%emt 0:00:02]} Kh8 {[%emt 0:00:02]} 39. Qe4 {[%emt 0:00:03]} Nf5 {[%emt 0:00:03]} 40. Rxd8+ {[%emt 0:00:01]} Qxd8 {[%emt 0:00:01]} 41. Qxe6 {[%emt 0:00:01]} Qd1+ {[%emt 0:00:02]} 42. Kf2 {[%emt 0:00:02]} Qd2+ {[%emt 0:00:01]} 43. Kg1 {[%emt 0:00:02]} Qd4+ {[%emt 0:00:01]} 44. Kg2 {[%emt 0:00:03]} Ne3+ {[%emt 0:00:01]} 45. Kh3 {[%emt 0:00:01]} g6 {[%emt 0:00:03]} 46. Qg8# {[%emt 0:00:01]} 1-0

[Event "RUS-ch Blitz Women 2018"]
[Site "Sochi"]
[Date "2018.10.07"]
[Round "16"]
[White "Ivanova, Karina"]
[Black "Tomilova, Elena"]
[Result "0-1"]
[WhiteElo "2124"]
[BlackElo "2328"]
[Annotator "NA"]
[PlyCount "90"]
[EventDate "2018.10.07"]
[EventType "swiss"]
[EventCountry "RUS"]
[SourceTitle "playchess.com"]
[Source "ChessBase"]
[SourceQuality "1"]
[TimeControl "180+2"]

1. Nf3 {[%emt 0:00:00]} d5 {[%emt 0:00:00]} 2. g3 {[%emt 0:00:00]} c6 {[%emt 0:00:00]} 3. Bg2 {[%emt 0:00:02]} Bg4 {[%emt 0:00:00]} 4. O-O {[%emt 0:00:01]} Nd7 {[%emt 0:00:01]} 5. h3 {[%emt 0:00:03]} Bh5 {[%emt 0:00:02]} 6. d4 {[%emt 0:00:01]} e6 {[%emt 0:00:04]} 7. c4 {[%emt 0:00:01]} Ngf6 {[%emt 0:00:03]} 8. Nc3 {[%emt 0:00:02]} Be7 {[%emt 0:00:08]} 9. Qb3 {[%emt 0:00:04]} Qb6 {[%emt 0:00:04]} 10. Qxb6 {[%emt 0:00:03]} axb6 {[%emt 0:00:01]} 11. Nd2 {[%emt 0:00:02]} O-O {[%emt 0:00:11]} 12. e4 {[%emt 0:00:01]} dxe4 {[%emt 0:00:04]} 13. Ndxe4 {[%emt 0:00:02]} Nxe4 {[%emt 0:00:04]} 14. Nxe4 {[%emt 0:00:01]} Be2 {[%emt 0:00:03]} 15. Re1 {[%emt 0:00:10]} Bxc4 {[%emt 0:00:01]} 16. a3 {[%emt 0:00:06]} Bd5 {[%emt 0:00:07]} 17. Bf4 {[%emt 0:00:07]} h6 {[%emt 0:00:12]} 18. Bd6 {[%emt 0:00:24]} Bxd6 {[%emt 0:00:12]} 19. Nxd6 {[%emt 0:00:02]} Bxg2 {[%emt 0:00:05]} 20. Kxg2 {[%emt 0:00:03]} Rab8 {[%emt 0:00:03]} 21. b4 {[%emt 0:00:34]} Rfd8 {[%emt 0:00:08]} 22. Red1 {[%emt 0:00:08]} Nf6 {[%emt 0:00:09]} 23. Nc4 {[%emt 0:00:03]} b5 {[%emt 0:00:02]} 24. Ne3 {[%emt 0:00:19]} Ra8 {[%emt 0:00:11]} 25. Nc2 {[%emt 0:00:21]} Nd5 {[%emt 0:00:04]} 26. Rd3 {[%emt 0:00:04]} f6 {[%emt 0:00:05]} 27. f4 {[%emt 0:00:04]} Kf7 {[%emt 0:00:04]} 28. Kf3 {[%emt 0:00:03]} Nb6 {[%emt 0:00:13]} 29. Ne3 {[%emt 0:00:32]} g5 {[%emt 0:00:16]} 30. Rc1 {[%emt 0:00:08]} Ra7 {[%emt 0:00:07]} 31. f5 {[%emt 0:00:12]} e5 {[%emt 0:00:13]} 32. Nc2 {[%emt 0:00:06]} Nc4 {[%emt 0:00:08]} 33. g4 {[%emt 0:00:05]} b6 {[%emt 0:00:05]} 34. Ke4 {[%emt 0:00:03]} Rad7 {[%emt 0:00:03]} 35. Ne3 {[%emt 0:00:07]} Rxd4+ {[%emt 0:00:05]} 36. Rxd4 {[%emt 0:00:03]} Rxd4+ {[%emt 0:00:01]} 37. Kf3 {[%emt 0:00:00]} Rf4+ {[%emt 0:00:06]} 38. Ke2 {[%emt 0:00:02]} Re4 {[%emt 0:00:02]} 39. Rc3 {[%emt 0:00:02]} Ke7 {[%emt 0:00:11]} 40. Kf3 {[%emt 0:00:04]} Rxe3+ {[%emt 0:00:02]} 41. Rxe3 {[%emt 0:00:01]} Nxe3 {[%emt 0:00:01]} 42. Kxe3 {[%emt 0:00:01]} Kd6 {[%emt 0:00:03]} 43. Kd2 {[%emt 0:00:04]} Kd5 {[%emt 0:00:01]} 44. Kd3 {[%emt 0:00:01]} e4+ {[%emt 0:00:04]} 45. Ke3 {[%emt 0:00:01]} Ke5 {[%emt 0:00:01] Kd4+} 0-1

[Event "RUS-ch Blitz Women 2018"]
[Site "Sochi"]
[Date "2018.10.07"]
[Round "16"]
[White "Vifleemskaia, Svetlana"]
[Black "Gritsayeva, Oksana"]
[Result "0-1"]
[WhiteElo "2030"]
[BlackElo "2378"]
[Annotator "NA"]
[PlyCount "78"]
[EventDate "2018.10.07"]
[EventType "swiss"]
[EventCountry "RUS"]
[SourceTitle "playchess.com"]
[Source "ChessBase"]
[SourceQuality "1"]
[TimeControl "180+2"]

1. d4 {[%emt 0:00:00]} Nf6 {[%emt 0:00:00]} 2. c4 {[%emt 0:00:00]} e6 {[%emt 0:00:00]} 3. Nc3 {[%emt 0:00:01]} c5 {[%emt 0:00:03]} 4. d5 {[%emt 0:00:02]} exd5 5. cxd5 d6 {[%emt 0:00:02]} 6. Nf3 {[%emt 0:00:13]} g6 {[%emt 0:00:01]} 7. Nd2 {[%emt 0:00:09]} Nbd7 {[%emt 0:00:12]} 8. Nc4 {[%emt 0:00:03]} Nb6 {[%emt 0:00:04]} 9. e4 {[%emt 0:00:10]} Bg7 {[%emt 0:00:06]} 10. Bf4 {[%emt 0:00:26]} Nxc4 {[%emt 0:00:03]} 11. Bxc4 {[%emt 0:00:02]} O-O {[%emt 0:00:03]} 12. O-O {[%emt 0:00:06]} a6 {[%emt 0:00:01]} 13. a4 {[%emt 0:00:01]} Nh5 {[%emt 0:00:12]} 14. Be3 {[%emt 0:00:18]} Bd7 {[%emt 0:00:19]} 15. Be2 {[%emt 0:00:07]} Nf6 {[%emt 0:00:04]} 16. h3 {[%emt 0:00:07]} Re8 {[%emt 0:00:03]} 17. Qc2 {[%emt 0:00:08]} Rb8 {[%emt 0:00:11]} 18. a5 {[%emt 0:00:04]} Bc8 {[%emt 0:00:07]} 19. f4 {[%emt 0:00:10]} b5 {[%emt 0:00:09]} 20. axb6 {[%emt 0:00:09]} Qxb6 {[%emt 0:00:09]} 21. Na4 {[%emt 0:00:18]} Qb4 {[%emt 0:00:05]} 22. e5 {[%emt 0:00:46]} Nxd5 {[%emt 0:00:03]} 23. Bd2 {[%emt 0:00:05]} Qd4+ {[%emt 0:00:03]} 24. Kh1 {[%emt 0:00:05]} Bf5 {[%emt 0:00:12]} 25. Qc1 {[%emt 0:00:07]} dxe5 {[%emt 0:00:07]} 26. fxe5 {[%emt 0:00:07]} Rxe5 {[%emt 0:00:10]} 27. Bf3 {[%emt 0:00:02]} Rc8 {[%emt 0:00:31]} 28. Nc3 {[%emt 0:00:04]} Nb4 {[%emt 0:00:07]} 29. Bf4 {[%emt 0:00:02]} Re6 30. Rd1 Nd3 {[%emt 0:00:19]} 31. Qd2 {[%emt 0:00:03]} Qxf4 {[%emt 0:00:03]} 32. Qxf4 {[%emt 0:00:02]} Nxf4 {[%emt 0:00:01]} 33. Bb7 {[%emt 0:00:03]} Rce8 {[%emt 0:00:03]} 34. Bxa6 {[%emt 0:00:02]} h5 {[%emt 0:00:13]} 35. Bc4 {[%emt 0:00:02]} Rb6 {[%emt 0:00:04]} 36. Ra2 {[%emt 0:00:03]} Be6 {[%emt 0:00:01]} 37. Bxe6 {[%emt 0:00:02]} Nxe6 {[%emt 0:00:02]} 38. Nd5 {[%emt 0:00:01]} Rb3 {[%emt 0:00:02]} 39. Rd2 {[%emt 0:00:02]} Reb8 {[%emt 0:00:03]} 0-1

[Event "RUS-ch Blitz Women 2018"]
[Site "Sochi"]
[Date "2018.10.07"]
[Round "17"]
[White "Kashlinskaya, Alina"]
[Black "Bodnaruk, Anastasia"]
[Result "0-1"]
[WhiteElo "2447"]
[BlackElo "2423"]
[Annotator "TA"]
[PlyCount "76"]
[EventDate "2018.10.07"]
[EventType "swiss"]
[EventCountry "RUS"]
[SourceTitle "playchess.com"]
[Source "ChessBase"]
[SourceQuality "1"]

{[%evp 10,76,9,4,43,18,53,31,33,0,0,0,0,0,0,0,0,0,25,0,0,0,18,13,15,17,18,4,16,0,7,8,6,0,13,0,0,-8,-9,-8,68,0,0,0,0,0,0,-15,0,0,38,6,7,2,29,29,35,28,43,-54,-60,-55,-62,-54,-70,-128,-130,-29993,-29994]} 1. d4 Nf6 2. Bg5 d5 3. Nd2 Nbd7 4. e3 g6 5. Ngf3 Bg7 6. c4 c6 {D03: 1 d4 d5 2 Nf3 Nf6 3 Bg5, including Torre Attack with early ...d5} 7. Bd3 (7. h3 O-O 8. Rc1 Re8 9. cxd5 cxd5 10. Bf4 Qa5 11. a3 Ne4 12. Bd3 Nxd2 13. Qxd2 Qxd2+ 14. Kxd2 {½-½ (40) Balog,I (2540)-Papp,G (2597) Ajka 2018}) 7... O-O 8. O-O Re8 {White is slightly better.} 9. Qe2 $146 ({Predecessor:} 9. Rc1 Qa5 10. cxd5 cxd5 11. Qb3 e5 12. dxe5 Nxe5 13. Nxe5 Rxe5 14. Nf3 Re6 {1-0 (45) Leiva Rodriguez,J (2286)-Blanco,H (2430) San Cristobal 2012}) 9... e5 10. cxd5 cxd5 {aiming for ...e4.} 11. dxe5 Nxe5 12. Nxe5 Rxe5 13. Nf3 Re8 14. h3 Qb6 15. Bb5 {[%cal Bd3b5,Bb5a4,Ba4b3][%mdl 32]} Rf8 16. Rfd1 Be6 17. Nd4 Ne4 18. Bf4 Rac8 19. Ba4 Rc5 20. Bb3 Rfc8 21. Qd3 Nd6 22. Nxe6 fxe6 23. Bxd6 Qxd6 24. e4 {[%cal Re4d5]} d4 {[#]} ({Better is} 24... Bxb2 $11 25. Rab1 Bc3) 25. Qd2 ({White should play} 25. f4 $1 $14 {[%mdl 512]}) 25... Kh8 $11 26. Rac1 e5 27. Rxc5 Qxc5 28. Qg5 Qc7 29. h4 Qd8 30. Qg4 Rc7 31. h5 gxh5 32. Qxh5 Qf8 33. Rd3 Rc1+ 34. Kh2 (34. Bd1 $14) 34... Qxf2 $15 {...Qg1+ is the strong threat.} 35. Rf3 {Intending Qe8+ and mate.} Qg1+ 36. Kg3 {White wants to mate with Qe8+.} Qe1+ 37. Kg4 (37. Rf2 $1 $15 Rc8 38. Be6) 37... Qxe4+ $17 38. Kh3 $2 {[%mdl 8192] [#]} (38. Kg3 $17 Qg6+ 39. Qxg6 hxg6 40. Bd5) 38... Rh1+ {Precision: White = 26%, Black = 42%.} 0-1

[Event "RUS-ch Blitz Women 2018"]
[Site "Sochi"]
[Date "2018.10.07"]
[Round "17"]
[White "Bivol, Alina"]
[Black "Ambartsumova, Karina"]
[Result "1/2-1/2"]
[WhiteElo "2403"]
[BlackElo "2379"]
[Annotator "NA"]
[PlyCount "58"]
[EventDate "2018.10.07"]
[EventType "swiss"]
[EventCountry "RUS"]
[SourceTitle "playchess.com"]
[Source "ChessBase"]
[SourceQuality "1"]
[TimeControl "180+2"]

1. Nf3 {[%emt 0:00:00]} Nf6 {[%emt 0:00:00]} 2. g3 {[%emt 0:00:00]} g6 {[%emt 0:00:00]} 3. Bg2 {[%emt 0:00:01]} Bg7 {[%emt 0:00:00]} 4. O-O {[%emt 0:00:01]} O-O {[%emt 0:00:01]} 5. d4 {[%emt 0:00:01]} d6 {[%emt 0:00:01]} 6. Nc3 {[%emt 0:00:02]} d5 {[%emt 0:00:24]} 7. Ne5 {[%emt 0:00:17]} c6 {[%emt 0:00:05]} 8. h3 {[%emt 0:00:02]} Nbd7 {[%emt 0:00:07]} 9. Nxd7 {[%emt 0:00:10]} Nxd7 {[%emt 0:00:06]} 10. e4 $11 {[%emt 0:00:03]} dxe4 {[%emt 0:00:09]} 11. Nxe4 {[%emt 0:00:01]} Nf6 {[%emt 0:00:17]} 12. Nxf6+ {[%emt 0:00:01]} Bxf6 {[%emt 0:00:01]} 13. c3 {[%emt 0:00:01]} e5 {[%emt 0:00:11]} 14. dxe5 {[%emt 0:00:03]} Qxd1 {[%emt 0:00:24]} 15. Rxd1 {[%emt 0:00:01]} Bxe5 {[%emt 0:00:01]} 16. Be3 {[%emt 0:00:06]} Be6 {[%emt 0:00:05]} 17. f4 {[%emt 0:00:04]} Bc7 {[%emt 0:00:20]} 18. Kf2 {[%emt 0:00:02]} Rfd8 {[%emt 0:00:03]} 19. a3 {[%emt 0:00:25]} Bb3 {[%emt 0:00:08]} 20. Rxd8+ {[%emt 0:00:05]} Rxd8 {[%emt 0:00:01]} 21. Bf3 {[%emt 0:00:01]} a6 {[%emt 0:00:11]} 22. Bd4 {[%emt 0:00:07]} Re8 {[%emt 0:00:06]} 23. Be3 {[%emt 0:00:20]} f6 {[%emt 0:00:09]} 24. Re1 {[%emt 0:00:04]} Kf7 {[%emt 0:00:02]} 25. Re2 {[%emt 0:00:03]} Bc4 {[%emt 0:00:12]} 26. Re1 {[%emt 0:00:18]} Bb3 {[%emt 0:00:02]} 27. Re2 {[%emt 0:00:01]} Bc4 {[%emt 0:00:00]} 28. Re1 {[%emt 0:00:02]} Bb3 {[%emt 0:00:01]} 29. Re2 {[%emt 0:00:01]} Bc4 {[%emt 0:00:00]} 1/2-1/2